The secret diary of kasturba / (Record no. 139749)
[ view plain ]
| 000 -LEADER | |
|---|---|
| fixed length control field | 00849nam a22002417a 4500 |
| 005 - DATE AND TIME OF LATEST TRANSACTION | |
| control field | 20221216104136.0 |
| 010 ## - LCCN (DPL NO) | |
| LC control number | ENG-118113 ENG-135880 ENG-135883 |
| 020 ## - INTERNATIONAL STANDARD BOOK NUMBER | |
| International Standard Book Number | 9789386036537 |
| Terms of availability | 699.00 |
| 035 ## - SYSTEM CONTROL NUMBER | |
| System control number | EN-101645 |
| 035 ## - SYSTEM CONTROL NUMBER | |
| System control number | EN-119412 |
| 035 ## - SYSTEM CONTROL NUMBER | |
| System control number | B-683133-137 |
| 035 ## - SYSTEM CONTROL NUMBER | |
| System control number | EN-119415 |
| 037 ## - SOURCE OF ACQUISITION | |
| Source of stock number/acquisition | DBAD/PUB |
| 037 ## - SOURCE OF ACQUISITION | |
| Source of stock number/acquisition | Aakar |
| Stock number | dpl |
| 082 ## - DEWEY DECIMAL CLASSIFICATION NUMBER | |
| Classification number | 954.035092 |
| 100 ## - MAIN ENTRY--PERSONAL NAME | |
| Personal name | Adhar, Neelima Dalmia |
| 245 ## - TITLE STATEMENT | |
| Title | The secret diary of kasturba / |
| Statement of responsibility, etc | by Neelima Dalmia Adhar |
| 260 ## - PUBLICATION, DISTRIBUTION, ETC. (IMPRINT) | |
| Place of publication, distribution, etc | New Delhi |
| Name of publisher, distributor, etc | TRANQUEBAR PRESS |
| Date of publication, distribution, etc | 2016 |
| 270 ## - ADDRESS | |
| Address | 93, I Floor, Sham Lal Road, Daryaganj, New Delhi |
| 300 ## - PHYSICAL DESCRIPTION | |
| Extent | 359p. |
| Dimensions | 24cm(Hb) |
| 942 ## - ADDED ENTRY ELEMENTS (KOHA) | |
| Source of classification or shelving scheme | Dewey Decimal Classification |
| Item type | English Books |
| Classification part | 954.035092 |
| Call number suffix | ADH |
| Withdrawn status | Lost status | Not for loan | Collection code | Home library | Current library | Date acquired | Source of acquisition | Cost, normal purchase price | Full call number | Barcode | Copy number | Cost, replacement price | Koha item type |
|---|---|---|---|---|---|---|---|---|---|---|---|---|---|
| Non-fiction | Ashok Vihar | Ashok Vihar | 18/01/2018 | Aakar/I-2040/4.12.17/BPPD/EN/2017-18/631/20.11.17/14.12.2017 | 699.00 | 954.035092 ADH | B-683134 | 1 | 699.00 | English Books | |||
| Non-fiction | Bawana | Bawana | 18/01/2018 | Aakar/I-2040/4.12.17/BPPD/EN/2017-18/631/20.11.17/14.12.2017 | 699.00 | 954.035092 ADH | B-683137 | 1 | 699.00 | English Books | |||
| Fiction | Bawana | Bawana | 16/12/2022 | DBAD/PUB | 699.00 | 954.035092 ADH | EN-119415 | 1 | 699.00 | English Books | |||
| Non-fiction | Central Library | Central Library | 18/01/2018 | Aakar/I-2040/4.12.17/BPPD/EN/2017-18/631/20.11.17/14.12.2017 | 699.00 | 954.035092 ADH | B-683133 | 1 | 699.00 | English Books | |||
| Not For Loan | Non-fiction | D.B.Act.Division | D.B.Act.Division | 14/12/2022 | DBAD/PUB | 699.00 | 954.035092 ADH | EN-119412 | 2 | 699.00 | English Books | ||
| Non-fiction | Janak Puri | Janak Puri | 18/01/2018 | Aakar/I-2040/4.12.17/BPPD/EN/2017-18/631/20.11.17/14.12.2017 | 699.00 | 954.035092 ADH | B-683136 | 1 | 699.00 | English Books | |||
| Non-fiction | Patel Nagar | Patel Nagar | 12/05/2017 | DBAD/PUB | 699.00 | 954.035092 ADH | EN-101645 | 1 | 699.00 | English Books | |||
| Non-fiction | Patel Nagar | Patel Nagar | 18/01/2018 | Aakar/I-2040/4.12.17/BPPD/EN/2017-18/631/20.11.17/14.12.2017 | 699.00 | 954.035092 ADH | B-683135 | 1 | 699.00 | English Books |
